000 00660nam a2200181 i 4500
001 87184
003 ES-MaACL
005 20230906175620.0
007 t|
008 041220s1952 sp ||||1| spa d
100 1 _aKnaus, Hermann.
_968324
245 1 3 _aLa fisiología de la reproducción en el hombre /
_cpor Hermann Knaus ; traducción directamente de la tercera edición alemana autmentada y corregida por Jesús Bartolomé Iraeta.
250 _a2ª ed. española.
260 _aMAdrid :
_bEspasa-Calpe,
_c1952.
300 _aXII, 506 p., 1 lám. :
_bil. ;
_c25 cm.
700 1 _aIraeta, Jesús Bartalomé.
_965404
852 _aES-MaACL
_jC-5711
_bR.34042
999 _c87184
_d87184